| 000 | nam a22 a 4500 | ||
|---|---|---|---|
| 999 |
_c4226 _d4226 |
||
| 005 | 20170525154128.0 | ||
| 008 | 170525s2003 be ||||| |||| 00| 0 eng d | ||
| 040 | _aAKMAL | ||
| 082 | _a343.087 ATA | ||
| 090 |
_a343.087 _bATA |
||
| 245 | 1 | 0 | _aCustoms Convention On The ATA Carnet For The Temporary Admission Goods |
| 246 | 1 |
_iAt head of title : _aA.T.A Handbook |
|
| 250 | _a2nd Edition | ||
| 260 |
_aBrussels: _bWorld Customs Organization, _c2003 |
||
| 300 |
_a(loose-leaf) ; _c31cm |
||
| 650 | 1 | 0 |
_aCustoms Administration _xLaw and legislation _96000 |
| 710 | 2 |
_aWorld Customs Organization _95917 |
|
| 942 |
_2ddc _cBOOK |
||
| 950 | _lAKMAL | ||